000 00629nam a2200253 a 4500
001 nice12345678
003 IN_TiNIC
005 20260116011540.0
008 050524s1928 laha grp 000 0 urd
020 _a
_c100
082 0 0 _a891.4391
_bWAI
100 _aWaiz, Rahmat Masih
245 _aNaik Samri.
260 _aLahore
_bF M Najmuddin Akhtar
_c1928
300 _a15p
500 _aincludes index and biblioraphy
505 2 _areference
650 _aReligious Poetry-Christianity
650 _aReligion-Poetry-christinity
700 1 _aWaiz, Rahmat Masih
902 _bSRS
942 _cBK
999 _c2537
_d2537